Smallest countries in the world with exceptions - Statistics

General Stats
  • This quiz has been taken 65 times
  • The average score is 22 of 25
Answer Stats
Area (Km2) Area (Mi2) Answer % Correct
300 116 Maldives
96%
460 178 Seychelles
96%
700 270 Singapore
96%
760 293 Bahrain
91%
17,200 6,641 Eswatini
91%
30,360 11,772 Lesotho
91%
960 371 Sao Tome & Principe
91%
5,270 2,035 Brunei
89%
4,030 1,556 Cape Verde
89%
23,180 8,950 Djibouti
89%
1,861 719 Comoros
88%
14,870 5,741 East Timor
88%
2,030 784 Mauritius
88%
11,610 4,483 Qatar
88%
24,670 9,525 Rwanda
88%
25,680 9,915 Burundi
86%
9,540 3,568 Cyprus
86%
35,410 13,672 Taiwan
84%
10,120 3,907 Gambia
82%
21,640 8,355 Israel
82%
17,820 6,880 Kuwait
82%
10,230 3,950 Lebanon
82%
28,050 10,830 Equatorial Guinea
80%
28,470 10,992 Armenia
70%
28,120 10,857 Guinea-Bissau
70%
No matching quizzes found
Score Distribution
Percent of People with Each Score
Percentile by Number Answered
Your Score History
You have not taken this quiz